Yemen, the search for a modern state /

Bibliographic Details
Main Author: Peterson, John, 1947-
Format: Book
Language:English
Published: Baltimore : Johns Hopkins University Press, 1982.
Subjects:

MARC

Tag First Indicator Second Indicator Subfields
LEADER 00000cam a22000008a 4500
001 in00000086926
005 20151008064631.0
008 811028s1982 mduab b 00110 eng
010 |a  81048187  
020 |a 0801827841 
035 |a (OCoLC)07946995 
035 |9 AAK4526AM 
039 0 |a 2  |b 3  |c 3  |d 3  |e 3 
040 |a DLC  |c DLC  |d TXA  |d UtOrBLW 
043 |a a-ye--- 
049 |a TXAM  |c [1805020] 
050 0 0 |a DS247.Y48  |b P47 1982 
082 0 |a 953/.3205  |2 19 
100 1 |a Peterson, John,  |d 1947- 
245 1 0 |a Yemen, the search for a modern state /  |c J.E. Peterson. 
263 |a 8205 
264 1 |a Baltimore :  |b Johns Hopkins University Press,  |c 1982. 
300 |a 221 pages :  |b illustrations, map ;  |c 22 cm. 
336 |a text  |b txt  |2 rdacontent 
337 |a unmediated  |b n  |2 rdamedia 
338 |a volume  |b nc  |2 rdacarrier 
500 |a Includes index. 
504 |a Bibliography: pages 197-210. 
651 0 |a Yemen (Republic)  |x Politics and government. 
999 |a MARS 
999 f f |s 2bf32321-a4dd-3088-a6a6-e732ce987c2c  |i b2a7f4a3-887d-325e-af50-6d9460f21c7f  |t 0 
952 f f |p ric  |a Texas A&M University  |b Rellis Campus  |c Joint Library Facility  |d Remote Storage  |t 0  |e DS247.Y48 P47 1982  |h Library of Congress classification  |i unmediated -- volume  |m A14806101039 
998 f f |a DS247.Y48 P47 1982  |t 0  |l Remote Storage